000 00630nam a2200229Ia 4500
005 20250425162845.0
008 250425s9999 xx 000 0 und d
020 _a9780891183662
041 _aeng
082 _a630
_pSHA
100 _aShannon, D. Kent
245 0 _aPrecision Agriculture Basics
_cD. Kent Shannon; David E. Clay; Newell R. Kitchen
250 _a1A. ED.
260 _aMadison
_bAmerican Society of Agronomy
_c2018
300 _a265 p.
_bIlustrado
_c27 cm.
650 _aAgricultura
650 _aGestión
700 _aClay, David E.
700 _aKitchen, Newell R.
942 _c01
010 _a117209
999 _c237875
_d237875